000 00684nam a22002297a 4500
003 UA-OsUOA
001 35644
007 ta
008 20051208b un ||||| |||| 00| 0 ukr d
090 _a321.7(082.21)
_bД31
942 _cBK
040 _aUA-OsUOA
_bukr
_cUA-OsUOA
_dUA-OsUOA
245 _aДемократія
_bАнтологія
_cУпоряд. О.Проценко
300 _a1108 с.
955 _a2
041 _aukr
080 _a321.7(082.21)
020 _a966-8499-15-8
260 _aК.
_bСмолоскип
_c2005
650 7 _a321 Форми політичних організацій. Держави як політичні влади
_2UDC
999 _c322007
_d322007